Lê Quý Đôn cuộc đời và giai thoại /

Đây là cuốn sách viết về tiểu sử, cuộc đời, và giai thoại của Lê Quý Đôn.

Spremljeno u:
Bibliografski detalji
Glavni autor: Trần Duy Phương.
Format: Knjiga
Jezik:Vietnamese
Izdano: Hà Nội : Văn hoá dân tộc, 2000.
Teme:
Oznake: Dodaj oznaku
Bez oznaka, Budi prvi tko označuje ovaj zapis!
Thư viện lưu trữ: Mạng thư viện Đại học Đà Nẵng
LEADER 01040cam a2200361 i 4500
001 000042955
003 830
005 20030917080716.0
008 010305b2000 vm 000 vie
020 |c 3000 
040 |a IRC  |c IRC  |d IRC 
041 0 |a vie 
082 1 4 |a 928.9592  |b TR-P 
100 1 |a Trần Duy Phương. 
245 0 0 |a Lê Quý Đôn cuộc đời và giai thoại /  |c Trần Duy Phương biên soạn. 
260 |a Hà Nội :  |b Văn hoá dân tộc,  |c 2000. 
300 |a 288tr. ;  |c 19cm. 
520 3 |a Đây là cuốn sách viết về tiểu sử, cuộc đời, và giai thoại của Lê Quý Đôn. 
600 1 5 |a Lê Quý Đôn,  |d 1726-1784. 
630 0 4 |a Cuộc đời. 
630 0 4 |a Giai thoại. 
630 0 4 |a Lê Quý Đôn. 
650 0 4 |a Lê Quý Đôn,  |d 1726-1784. 
OWN |a DUT 
999 |a From the UDN01 
TYP |a Monograph 
TYP |a Printed language 
980 |a Mạng thư viện Đại học Đà Nẵng